| 000 | 01256nam a2200277Ia 4500 | ||
|---|---|---|---|
| 999 |
_c56074 _d56074 |
||
| 001 | 23174 | ||
| 003 | GE_BSU | ||
| 005 | 20230720143307.0 | ||
| 008 | 181216s1960||||ge |||||||||||||| ||geo|| | ||
| 040 | _cGE_BSU | ||
| 041 | _ageo | ||
| 080 | _a821.111-34 უ-13 | ||
| 100 |
_aუაილდი, ო. _919470 |
||
| 245 |
_aბროწეულის სახლი : _bზღაპრები / _cინგლ. თარგმ. და შენიშვნები ქეთევან კანდელაკისა და ნათელა ჩიგოგიძისა ; რედ. გ. გაჩეჩილაძე. |
||
| 260 | _aთბილისი | ||
| 260 | _bსაბჭ. მწერალი | ||
| 260 | _c1960 | ||
| 300 |
_a270 გვ. : _b1 ფ. პორტრ. ; _c17 სმ. |
||
| 541 | _h11ლ. 50თ. | ||
| 653 | _aბროწეულის სახლი | ||
| 653 | _a ზღაპრები | ||
| 700 |
_aკანდელაკი, ქეთევან _eმთარგმნელი _919471 |
||
| 700 |
_aჩიგოგიძე, ნათელა _eმთარგმნელი _919472 |
||
| 700 |
_aგაჩეჩილაძე, გ. _eრედაქტორი _9397 |
||
| 942 |
_cBK _2udc |
||